00794nam a22002537a 450000500170000000800410001702000180005804000210007604100080009708200130010524500830011825000120020126000290021330000140024265000370025665000560029370000260034970000310037570000240040670000280043070000290045870000260048770000270051320220920114020.0220920b ||||| |||| 00| 0 eng d a9781009316613 aIN-DiNCcIN-DiNC deng a821bSEA aSeasons:ban anthology of prose and poetry/cedited by Gautam Sarma and others a1st ed. aNoida:bCambridge,c2022 aix, 108p. aAn anthology of prose and poetry aTextbook for Higher Secondary (HS) First (1st) year aSarma, GautameEditor aChoudhury, BiphasheEditor aPegu, SwetaeEditor aHiloidari, PorieEditor aPrasad, AbhigyaneEditor aDutta, KakalieEditor aSharma, KabitaeEditor